[Event "BL2-Nord 1617"]
[Site "Germany"]
[Date "2017.03.19"]
[Round "7.6"]
[White "Klimm, Wolf Dietrich"]
[Black "Buchal, Stephan"]
[Result "1/2-1/2"]
[WhiteElo "2265"]
[BlackElo "2315"]
[PlyCount "28"]
[EventDate "2016.10.16"]
[EventType "team-tourn"]
[EventRounds "9"]
[EventCountry "GER"]
[SourceTitle "EXT 2018"]
[Source "ChessBase"]
[SourceDate "2017.10.13"]
[SourceVersion "1"]
[SourceVersionDate "2017.10.13"]
[SourceQuality "1"]
[WhiteTeam "Zehlendorf"]
[BlackTeam "Werder Bremen II"]
[WhiteTeamCountry "GER"]
[BlackTeamCountry "GER"]

1. d4 d6 2. Nf3 g6 3. g3 Bg7 4. Bg2 Nf6 5. 0-0 0-0 6. c4 Nc6 7. Nc3 a6 8. b3 Rb8 9. Nd5 Ne4 10. Bb2 e6 11. Nc3 f5 12. Nxe4 fxe4 13. Ne1 d5 14. Nc2 b5 1/2-1/2

[Event "BL2-Nord 1415"]
[Site "Germany"]
[Date "2015.04.12"]
[Round "9.6"]
[White "Cremer, Jan Paul"]
[Black "Klimm, Wolf Dietrich"]
[Result "1/2-1/2"]
[WhiteElo "2217"]
[BlackElo "2272"]
[PlyCount "68"]
[EventDate "2014.09.21"]
[EventType "team-tourn"]
[EventRounds "9"]
[EventCountry "GER"]
[SourceTitle "CBM 166 Extra"]
[Source "ChessBase"]
[SourceDate "2015.06.18"]
[SourceVersion "1"]
[SourceVersionDate "2015.06.18"]
[SourceQuality "1"]
[WhiteTeam "Berlin SF II"]
[BlackTeam "Berlin Zehlendorf"]
[WhiteTeamCountry "GER"]
[BlackTeamCountry "GER"]

1. e4 c6 2. d4 d5 3. Nc3 dxe4 4. Nxe4 Nd7 5. Ng5 Ngf6 6. Bd3 e6 7. N1f3 Bd6 8. Qe2 h6 9. Ne4 Nxe4 10. Qxe4 Qc7 11. Bd2 b6 12. 0-0-0 Bb7 13. Rhe1 0-0-0 14. Qe2 Rhe8 15. Ne5 Nxe5 16. dxe5 Bf8 17. f4 c5 18. Bb5 Bc6 19. Bxc6 Qxc6 20. Qe4 Kc7 21. Qxc6+ Kxc6 22. c4 b5 23. cxb5+ Kxb5 24. b3 c4 25. a4+ Kc6 26. Re3 cxb3 27. Rxb3 Rd4 28. Be3 Rc4+ 29. Kb2 Bc5 30. Bxc5 Rxc5 31. Rd6+ Kc7 32. Rbd3 Re7 33. Ra6 Kb7 34. Rad6 Rec7 1/2-1/2

[Event "BL2-Nord 1314"]
[Site "Germany"]
[Date "2014.01.19"]
[Round "5.6"]
[White "Klimm, Wolf Dietrich"]
[Black "Jeske, Eckhard"]
[Result "1-0"]
[WhiteElo "2275"]
[BlackElo "2232"]
[PlyCount "91"]
[EventDate "2013.10.13"]
[EventType "team-tourn"]
[EventRounds "9"]
[EventCountry "GER"]
[SourceTitle "EXT 2015"]
[Source "ChessBase"]
[SourceDate "2014.11.20"]
[SourceVersion "1"]
[SourceVersionDate "2014.11.20"]
[SourceQuality "1"]
[WhiteTeam "Zehlendorf"]
[BlackTeam "Rostock"]
[WhiteTeamCountry "GER"]
[BlackTeamCountry "GER"]

1. Nf3 d5 2. b3 Nf6 3. Bb2 g6 4. c4 c6 5. g3 Bg7 6. Bg2 0-0 7. 0-0 Bf5 8. d3 Qc8 9. Nbd2 Bh3 10. e4 Bxg2 11. Kxg2 e6 12. b4 Rd8 13. Qb3 Qd7 14. Bc3 Qe7 15. Rfe1 Na6 16. exd5 cxd5 17. c5 Nc7 18. Be5 Nfe8 19. Bxg7 Nxg7 20. d4 a6 21. a4 Nf5 22. g4 Nh4+ 23. Kg3 Nxf3 24. Nxf3 Ne8 25. Ne5 Nf6 26. f3 Nd7 27. Qe3 Re8 28. Nxd7 Qxd7 29. Qe5 Rf8 30. h4 Rae8 31. Qf6 Qe7 32. g5 Qxf6 33. gxf6 h6 34. Kf4 Kh7 35. b5 Ra8 36. Ke5 Ra7 37. c6 bxc6 38. b6 Rd7 39. Rac1 Rc8 40. Rc5 g5 41. h5 Rg8 42. Rxc6 g4 43. fxg4 Rxg4 44. Rc7 Rd8 45. Rxf7+ Kg8 46. Rg7+ 1-0

[Event "BL2-Nord 1213"]
[Site "Germany"]
[Date "2013.03.17"]
[Round "8.5"]
[White "Klimm, Wolf Dietrich"]
[Black "Hawranke, Dietrich"]
[Result "1/2-1/2"]
[WhiteElo "2275"]
[BlackElo "2128"]
[PlyCount "43"]
[EventDate "2012.10.14"]
[EventType "team-tourn"]
[EventRounds "9"]
[EventCountry "GER"]
[SourceTitle "CBM 154 Extra"]
[Source "ChessBase"]
[SourceDate "2013.06.25"]
[SourceVersion "2"]
[SourceVersionDate "2013.06.25"]
[SourceQuality "1"]
[WhiteTeam "Berlin Zehlendorf"]
[BlackTeam "Pinneberg"]
[WhiteTeamCountry "GER"]
[BlackTeamCountry "GER"]

1. Nf3 Nf6 2. c4 c6 3. g3 d5 4. b3 Bf5 5. Bb2 e6 6. Bg2 Be7 7. 0-0 h6 8. d3 0-0 9. Nbd2 Nbd7 10. Qc2 Bh7 11. a3 a5 12. Bc3 Qc7 13. Qb2 Rfe8 14. b4 Nb6 15. Be5 Qd8 16. c5 Nbd7 17. Bc3 Qc7 18. Ne5 Bf8 19. Rfe1 Rec8 20. Nb3 a4 21. Nd2 b6 22. Nxd7 1/2-1/2

[Event "BL2-Nord 1011"]
[Site "Germany"]
[Date "2011.02.27"]
[Round "7.6"]
[White "Klimm, Wolf Dietrich"]
[Black "Anibar, Ahmed"]
[Result "1/2-1/2"]
[WhiteElo "2275"]
[BlackElo "2273"]
[PlyCount "74"]
[EventDate "2010.10.10"]
[EventType "team-tourn"]
[EventRounds "9"]
[EventCountry "GER"]
[SourceTitle "EXT 2012"]
[Source "ChessBase"]
[SourceDate "2011.11.24"]
[SourceVersion "1"]
[SourceVersionDate "2011.11.24"]
[SourceQuality "1"]
[WhiteTeam "Zehlendorf"]
[BlackTeam "Neukloster"]
[WhiteTeamCountry "GER"]
[BlackTeamCountry "GER"]

1. Nf3 Nf6 2. c4 g6 3. g3 Bg7 4. Bg2 0-0 5. 0-0 d6 6. d4 Nc6 7. Nc3 a6 8. Bd2 Rb8 9. a3 Bg4 10. d5 Na5 11. b3 c5 12. a4 b6 13. h3 Bd7 14. Re1 e6 15. dxe6 fxe6 16. e4 Bc6 17. Ng5 Qd7 18. Rb1 h6 19. Nf3 g5 20. e5 Bxf3 21. Bxf3 dxe5 22. Ne4 Nc6 23. Nxf6+ Rxf6 24. Bxc6 Qxc6 25. Be3 Rf3 26. Qc2 Rbf8 27. b4 e4 28. b5 axb5 29. cxb5 Qd5 30. a5 bxa5 31. Qxc5 Rxe3 32. Qxe3 Bd4 33. Qxe4 Bxf2+ 34. Kh2 Bxe1 35. Qg6+ Kh8 36. Qxh6+ Kg8 37. Qg6+ Kh8 1/2-1/2

[Event "BL2-Nord 1011"]
[Site "Germany"]
[Date "2010.12.12"]
[Round "4.5"]
[White "Klimm, Wolf Dietrich"]
[Black "Steinhagen, Bernd"]
[Result "1-0"]
[WhiteElo "2275"]
[BlackElo "2324"]
[PlyCount "83"]
[EventDate "2010.10.10"]
[EventType "team-tourn"]
[EventRounds "9"]
[EventCountry "GER"]
[SourceTitle "EXT 2012"]
[Source "ChessBase"]
[SourceDate "2011.11.24"]
[SourceVersion "1"]
[SourceVersionDate "2011.11.24"]
[SourceQuality "1"]
[WhiteTeam "Zehlendorf"]
[BlackTeam "Pankow Rotation"]
[WhiteTeamCountry "GER"]
[BlackTeamCountry "GER"]

1. d4 d5 2. Nf3 Nf6 3. c4 e6 4. g3 Be7 5. Bg2 Nbd7 6. 0-0 0-0 7. Qc2 c6 8. Nbd2 b5 9. c5 a5 10. e4 dxe4 11. Nxe4 Nxe4 12. Qxe4 Bb7 13. Re1 Nf6 14. Qc2 Nd5 15. h4 Bf6 16. Bg5 Qe7 17. Rad1 Nb4 18. Qb1 Nd5 19. a3 b4 20. Qc1 Rfd8 21. Ne5 h6 22. Bxf6 Qxf6 23. Rd3 Qe7 24. Rf3 Rf8 25. Bh3 Nc7 26. Re4 Kh7 27. Nc4 Nb5 28. a4 Nc7 29. Nd6 Nd5 30. g4 Rad8 31. g5 Ba6 32. gxh6 g6 33. Kh2 Rxd6 34. cxd6 Qxd6+ 35. Kg1 c5 36. Qxc5 Qd8 37. Bxe6 Bb7 38. Qxf8 Qxf8 39. Rxf7+ Qxf7 40. Bxf7 Kxh6 41. Bxd5 Bxd5 42. Re5 1-0

[Event "BL2-Nord 1011"]
[Site "Germany"]
[Date "2010.10.10"]
[Round "1.6"]
[White "Bruchmann, Stephan"]
[Black "Klimm, Wolf Dietrich"]
[Result "1-0"]
[WhiteElo "2295"]
[BlackElo "2275"]
[PlyCount "55"]
[EventDate "2010.10.10"]
[EventType "team-tourn"]
[EventRounds "9"]
[EventCountry "GER"]
[SourceTitle "EXT 2012"]
[Source "ChessBase"]
[SourceDate "2011.11.24"]
[SourceVersion "1"]
[SourceVersionDate "2011.11.24"]
[SourceQuality "1"]
[WhiteTeam "Berlin 1903 II"]
[BlackTeam "Zehlendorf"]
[WhiteTeamCountry "GER"]
[BlackTeamCountry "GER"]

1. e4 c6 2. d4 d5 3. e5 Bf5 4. Nf3 e6 5. Be2 Nd7 6. 0-0 Ne7 7. Nh4 Bg6 8. Nd2 c5 9. c3 Nc6 10. Nxg6 hxg6 11. Nf3 Qb6 12. Rb1 cxd4 13. cxd4 Be7 14. Be3 0-0 15. h4 Rac8 16. g3 f6 17. Bd3 fxe5 18. Nxe5 Ndxe5 19. dxe5 Bc5 20. Bxc5 Qxc5 21. Qg4 Nxe5 22. Qxe6+ Nf7 23. Qxg6 Nh6 24. Qh7+ Kf7 25. Rbe1 Rc6 26. h5 Qd4 27. Bg6+ Kf6 28. Be8 1-0

[Event "Bundesliga 0708"]
[Site "Germany"]
[Date "2007.12.01"]
[Round "3.8"]
[White "Schebler, Gerhard"]
[Black "Klimm, Wolf Dietrich"]
[Result "1-0"]
[WhiteElo "2458"]
[BlackElo "2286"]
[PlyCount "75"]
[EventDate "2007.10.20"]
[EventType "team-tourn"]
[EventRounds "15"]
[EventCountry "GER"]
[SourceTitle "CBM 123"]
[Source "ChessBase"]
[SourceDate "2008.04.02"]
[SourceVersion "1"]
[SourceVersionDate "2008.04.02"]
[SourceQuality "1"]
[WhiteTeam "Muelheim"]
[BlackTeam "Zehlendorf"]
[WhiteTeamCountry "GER"]
[BlackTeamCountry "GER"]

1. Nf3 Nf6 2. g3 b6 3. Bg2 Bb7 4. 0-0 c5 5. c4 e6 6. Nc3 Be7 7. b3 d6 8. Bb2 a6 9. e3 0-0 10. d4 cxd4 11. Nxd4 Bxg2 12. Kxg2 Qc8 13. Rc1 Qb7+ 14. Qf3 Ra7 15. Qxb7 Rxb7 16. f4 Rc8 17. Kf3 Nc6 18. Nxc6 Rxc6 19. g4 h6 20. Rfd1 Kf8 21. h4 b5 22. g5 Ne8 23. cxb5 axb5 24. Ne2 Rxc1 25. Rxc1 hxg5 26. hxg5 Ra7 27. Rc8 Rxa2 28. Bxg7+ Kxg7 29. Rxe8 Ra7 30. Rb8 e5 31. Kg4 f6 32. Ng3 exf4 33. exf4 fxg5 34. fxg5 Kg6 35. Nf5 b4 36. Rg8+ Kf7 37. Rg7+ Kf8 38. g6 1-0

[Event "BL2-Nord 0607"]
[Site "Germany"]
[Date "2006.12.10"]
[Round "4.8"]
[White "Klimm, Wolf Dietrich"]
[Black "Bendfeldt, Tim"]
[Result "1/2-1/2"]
[WhiteElo "2290"]
[BlackElo "2045"]
[PlyCount "34"]
[EventDate "2006.10.15"]
[EventType "team-tourn"]
[EventRounds "9"]
[EventCountry "GER"]
[SourceTitle "EXT 2008"]
[Source "ChessBase"]
[SourceDate "2007.11.25"]
[SourceVersion "1"]
[SourceVersionDate "2007.11.25"]
[SourceQuality "1"]
[WhiteTeam "Zehlendorf"]
[BlackTeam "Preetz"]
[WhiteTeamCountry "GER"]
[BlackTeamCountry "GER"]

1. c4 c6 2. Nf3 d5 3. b3 Nf6 4. Bb2 g6 5. g3 Bg7 6. Bg2 0-0 7. 0-0 Be6 8. d3 h6 9. Qc2 Qc8 10. Re1 Bh3 11. e4 Bxg2 12. Kxg2 dxe4 13. dxe4 c5 14. e5 Nh7 15. e6 Bxb2 16. Qxb2 Qc6 17. Qe2 Ng5 1/2-1/2

[Event "BL2-Nord 0607"]
[Site "Germany"]
[Date "2006.10.29"]
[Round "2.6"]
[White "Klimm, Wolf Dietrich"]
[Black "Mueller, Michael1"]
[Result "1-0"]
[WhiteElo "2290"]
[BlackElo "2205"]
[PlyCount "133"]
[EventDate "2006.10.15"]
[EventType "team-tourn"]
[EventRounds "9"]
[EventCountry "GER"]
[SourceTitle "EXT 2008"]
[Source "ChessBase"]
[SourceDate "2007.11.25"]
[SourceVersion "1"]
[SourceVersionDate "2007.11.25"]
[SourceQuality "1"]
[WhiteTeam "Zehlendorf"]
[BlackTeam "Pankow Rotation"]
[WhiteTeamCountry "GER"]
[BlackTeamCountry "GER"]

1. c4 e6 2. Nc3 d5 3. d4 Nf6 4. cxd5 exd5 5. Bg5 Nbd7 6. e3 c6 7. Bd3 Be7 8. Qc2 0-0 9. Nf3 Re8 10. 0-0 Nf8 11. Bxf6 Bxf6 12. b4 Bg4 13. Nd2 Rc8 14. Bf5 Bxf5 15. Qxf5 Ng6 16. Nf3 Qe7 17. Rab1 Qe6 18. Qd3 Rc7 19. Na4 Be7 20. Rfc1 f6 21. Nc5 Bxc5 22. Rxc5 Rec8 23. Rbc1 Nf8 24. R5c3 Nd7 25. Qc2 Qd6 26. Qb3 Kh8 27. a4 a5 28. bxa5 Ra8 29. Ne1 Rxa5 30. Nd3 Ra8 31. h3 Rac8 32. Nf4 Nf8 33. Nd3 Ne6 34. Qb4 Qxb4 35. Nxb4 Kg8 36. a5 Ra8 37. Nxd5 Rf7 38. Nb6 Rxa5 39. Nc4 Ra7 40. Rb1 Rd7 41. Rcb3 Nd8 42. Nb6 Rc7 43. e4 Nf7 44. f4 Nd6 45. e5 Nf5 46. Rd3 Ra5 47. e6 Ne7 48. Nc4 Ra2 49. Nd6 b5 50. f5 Rca7 51. d5 Ra1 52. Rxa1 Rxa1+ 53. Kf2 Ra2+ 54. Kf3 b4 55. dxc6 Nxc6 56. Nc4 Kf8 57. Rd6 Ra6 58. Ke4 b3 59. Na5 b2 60. Nxc6 b1Q+ 61. Kf4 Ra4+ 62. Kg3 Ra8 63. e7+ Ke8 64. Rd8+ Rxd8 65. exd8Q+ Kf7 66. Qe7+ Kg8 67. Qe8# 1-0

[Event "BL2-Nord 0607"]
[Site "Germany"]
[Date "2006.10.15"]
[Round "1.7"]
[White "Klimm, Wolf Dietrich"]
[Black "Horn, Sven"]
[Result "1-0"]
[WhiteElo "2290"]
[BlackElo "2115"]
[PlyCount "79"]
[EventDate "2006.10.15"]
[EventType "team-tourn"]
[EventRounds "9"]
[EventCountry "GER"]
[SourceTitle "EXT 2008"]
[Source "ChessBase"]
[SourceDate "2007.11.25"]
[SourceVersion "1"]
[SourceVersionDate "2007.11.25"]
[SourceQuality "1"]
[WhiteTeam "Zehlendorf"]
[BlackTeam "Steglitz Wilmersdorf"]
[WhiteTeamCountry "GER"]
[BlackTeamCountry "GER"]

1. c4 Nf6 2. Nc3 g6 3. Nf3 Bg7 4. d4 0-0 5. g3 d6 6. Bg2 Nbd7 7. 0-0 e5 8. e4 exd4 9. Nxd4 Re8 10. h3 Nc5 11. Re1 a5 12. Nb3 Nfd7 13. Qc2 Ne6 14. a4 Ne5 15. Qe2 Nc6 16. Be3 Ned4 17. Nxd4 Nxd4 18. Qd1 Nc6 19. Rc1 Be6 20. b3 Qd7 21. Kh2 f5 22. exf5 Bxf5 23. g4 Be6 24. Ne4 Kh8 25. Qd2 Rf8 26. f4 Rae8 27. Rcd1 b6 28. Ng3 Nb4 29. Bd4 Bxd4 30. Qxd4+ Qg7 31. Qd2 Bd7 32. Rf1 Re7 33. f5 gxf5 34. gxf5 Re5 35. Nh5 Qf7 36. Qh6 Bxf5 37. Be4 Re6 38. Qg5 Rxe4 39. Rxf5 Re2+ 40. Kh1 1-0

[Event "Bundesliga 0506"]
[Site "Germany"]
[Date "2005.11.13"]
[Round "4.7"]
[White "Klimm, Wolf Dietrich"]
[Black "Souleidis, Georgios"]
[Result "0-1"]
[WhiteElo "2287"]
[BlackElo "2410"]
[PlyCount "86"]
[EventDate "2005.10.21"]
[EventType "team-tourn"]
[EventRounds "15"]
[EventCountry "GER"]
[SourceTitle "CBM 110"]
[Source "ChessBase"]
[SourceDate "2006.01.31"]
[SourceVersion "1"]
[SourceVersionDate "2006.01.31"]
[SourceQuality "1"]
[WhiteTeam "Zehlendorf"]
[BlackTeam "Katernberg"]
[WhiteTeamCountry "GER"]
[BlackTeamCountry "GER"]

1. Nf3 d5 2. d4 Nf6 3. c4 dxc4 4. e3 e6 5. Bxc4 c5 6. 0-0 a6 7. Qe2 b5 8. Bb3 cxd4 9. exd4 Be7 10. Nc3 0-0 11. Bg5 Bb7 12. a3 Nbd7 13. Rfe1 Nb6 14. Ne5 Nfd5 15. Bd2 Nxc3 16. bxc3 Bd5 17. Bc2 Bf6 18. Ng4 Bg5 19. f4 Bh4 20. g3 Bf6 21. Nxf6+ Qxf6 22. Qh5 g6 23. Qg5 Qg7 24. Bd3 Rac8 25. g4 f6 26. Qh4 f5 27. Re3 Kh8 28. gxf5 gxf5+ 29. Rg3 Qf6 30. Qh5 Na4 31. Be2 Nxc3 32. Bxc3 Rxc3 33. Rd1 Rxg3+ 34. hxg3 Rc8 35. Kf2 Rc2 36. Qe8+ Kg7 37. Qd7+ Qf7 38. Qd6 Qc7 39. Qxc7+ Rxc7 40. Ke3 Be4 41. Ra1 Rc3+ 42. Kf2 Kf6 43. Ra2 Ke7 0-1

[Event "Bundesliga 0506"]
[Site "Germany"]
[Date "2005.10.23"]
[Round "2.6"]
[White "Klimm, Wolf Dietrich"]
[Black "Vonthron, Horst"]
[Result "1/2-1/2"]
[WhiteElo "2287"]
[BlackElo "2339"]
[PlyCount "35"]
[EventDate "2005.10.21"]
[EventType "team-tourn"]
[EventRounds "15"]
[EventCountry "GER"]
[SourceTitle "CBM 110"]
[Source "ChessBase"]
[SourceDate "2006.01.31"]
[SourceVersion "1"]
[SourceVersionDate "2006.01.31"]
[SourceQuality "1"]
[WhiteTeam "Zehlendorf"]
[BlackTeam "Kirchheim"]
[WhiteTeamCountry "GER"]
[BlackTeamCountry "GER"]

1. Nf3 d5 2. g3 c5 3. Bg2 Nf6 4. 0-0 g6 5. c4 d4 6. b4 Bg7 7. Bb2 0-0 8. bxc5 Nc6 9. d3 Nd7 10. Ba3 e5 11. Nbd2 f5 12. Rb1 Re8 13. Ne1 Nf6 14. Nc2 a5 15. Nb3 h5 16. e3 a4 17. Nba1 h4 18. exd4 1/2-1/2

[Event "BL2-Nord 0405"]
[Site "Germany"]
[Date "2005.04.10"]
[Round "9.6"]
[White "Bach, Matthias"]
[Black "Klimm, Wolf Dietrich"]
[Result "0-1"]
[WhiteElo "2293"]
[BlackElo "2279"]
[PlyCount "84"]
[EventDate "2004.10.24"]
[EventType "team-tourn"]
[EventRounds "9"]
[EventCountry "GER"]
[SourceTitle "EXT 2007"]
[Source "ChessBase"]
[SourceDate "2006.11.23"]
[SourceVersion "1"]
[SourceVersionDate "2006.11.23"]
[SourceQuality "1"]
[WhiteTeam "Hamburger SK II"]
[BlackTeam "Zehlendorf"]
[WhiteTeamCountry "GER"]
[BlackTeamCountry "GER"]

1. d4 Nf6 2. c4 e6 3. Nc3 Bb4 4. e3 b6 5. Bd3 Bb7 6. f3 c5 7. Nge2 cxd4 8. Nxd4 0-0 9. 0-0 Nc6 10. Nce2 Be7 11. e4 Ne5 12. Bf4 d6 13. Nc2 Nxd3 14. Qxd3 Qc7 15. Rfd1 Rfd8 16. Bg3 Nh5 17. Ne3 Nxg3 18. Nxg3 g6 19. Ne2 Rac8 20. Nd4 a6 21. b3 Bf6 22. Rab1 Ba8 23. Ne2 Bg5 24. Rbc1 Qc5 25. Kf2 Bh4+ 26. Kf1 Qe5 27. Ng4 Qg7 28. Qe3 h5 29. Nf2 b5 30. cxb5 Rxc1 31. Rxc1 axb5 32. Qb6 Qb2 33. Qa6 Kg7 34. Nd3 Qd2 35. Qxb5 d5 36. g3 Be7 37. e5 d4 38. Kf2 h4 39. Re1 Qe3+ 40. Kg2 Qxf3+ 41. Kh3 Qg2+ 42. Kg4 Bf3+ 0-1

[Event "BL2-Nord 0405"]
[Site "Germany"]
[Date "2005.02.13"]
[Round "7.6"]
[White "Guth, Thomas"]
[Black "Klimm, Wolf Dietrich"]
[Result "0-1"]
[WhiteElo "2279"]
[BlackElo "2279"]
[PlyCount "90"]
[EventDate "2004.10.24"]
[EventType "team-tourn"]
[EventRounds "9"]
[EventCountry "GER"]
[SourceTitle "EXT 2007"]
[Source "ChessBase"]
[SourceDate "2006.11.23"]
[SourceVersion "1"]
[SourceVersionDate "2006.11.23"]
[SourceQuality "1"]
[WhiteTeam "Berlin Rotation"]
[BlackTeam "Zehlendorf"]
[WhiteTeamCountry "GER"]
[BlackTeamCountry "GER"]

1. e4 c5 2. Nf3 e6 3. c3 Nf6 4. e5 Nd5 5. d4 cxd4 6. c4 Nb4 7. Bd2 N4c6 8. Bd3 d6 9. exd6 Bxd6 10. 0-0 h6 11. a3 a5 12. Ne1 0-0 13. f4 f5 14. Bc1 Nd7 15. Nd2 e5 16. fxe5 Ndxe5 17. Ndf3 Ng4 18. Nc2 Bc5 19. b3 Ne3 20. Nxe3 dxe3 21. Kh1 f4 22. Qc2 Nd4 23. Nxd4 Bxd4 24. Ra2 Qg5 25. Be4 Bf5 26. Bd5+ Kh8 27. Qd1 Bc3 28. h3 Rad8 29. Qe2 Bb1 30. Bb2 Bxa2 31. Bxc3 Bxb3 32. Bxb7 Qe7 33. Bc6 Qc5 34. Qg4 Qg5 35. Qe2 a4 36. Bb4 Rf7 37. Bf3 Rfd7 38. c5 Bd1 39. Qa6 Bxf3 40. Rxf3 Rd1+ 41. Kh2 R1d2 42. Qf1 e2 43. Qe1 Rc2 44. Rc3 Rxc3 45. Qxc3 Rd1 0-1

[Event "Elekes Memorial IM 29th"]
[Site "Budapest"]
[Date "2004.05.24"]
[Round "10"]
[White "Klimm, Wolf Dietrich"]
[Black "Orso, Miklos"]
[Result "1/2-1/2"]
[WhiteElo "2278"]
[BlackElo "2350"]
[PlyCount "42"]
[EventDate "2004.05.15"]
[EventType "tourn"]
[EventRounds "11"]
[EventCountry "HUN"]
[EventCategory "2"]
[SourceTitle "CBM 100 Extra"]
[Source "ChessBase"]
[SourceDate "2004.07.06"]
[SourceVersion "2"]
[SourceVersionDate "2004.07.06"]
[SourceQuality "1"]

1. Nf3 Nf6 2. c4 g6 3. d4 Bg7 4. g3 0-0 5. Bg2 d6 6. 0-0 Nbd7 7. Nc3 e5 8. e4 exd4 9. Nxd4 Re8 10. h3 c6 11. Bf4 Ne5 12. b3 a5 13. Rc1 Nfd7 14. Be3 Nc5 15. Qc2 Qe7 16. Rcd1 a4 17. f4 axb3 18. axb3 Ned7 19. Bf2 Qf8 20. b4 Ne6 21. Nb3 Nf6 1/2-1/2

[Event "Elekes Memorial IM 29th"]
[Site "Budapest"]
[Date "2004.05.18"]
[Round "4"]
[White "Klimm, Wolf Dietrich"]
[Black "Benda, Herbert"]
[Result "1/2-1/2"]
[WhiteElo "2278"]
[BlackElo "2283"]
[PlyCount "33"]
[EventDate "2004.05.15"]
[EventType "tourn"]
[EventRounds "11"]
[EventCountry "HUN"]
[EventCategory "2"]
[SourceTitle "CBM 100 Extra"]
[Source "ChessBase"]
[SourceDate "2004.07.06"]
[SourceVersion "2"]
[SourceVersionDate "2004.07.06"]
[SourceQuality "1"]

1. Nf3 d5 2. g3 Nf6 3. Bg2 c6 4. 0-0 Bf5 5. b3 Nbd7 6. Bb2 e6 7. c4 h6 8. d3 Be7 9. Nbd2 0-0 10. Qc2 Bh7 11. Bc3 a5 12. a3 b5 13. cxb5 cxb5 14. Qb2 b4 15. axb4 axb4 16. Bd4 Qc7 17. Rfc1 1/2-1/2

[Event "Elekes Memorial IM 29th"]
[Site "Budapest"]
[Date "2004.05.17"]
[Round "3"]
[White "Boros, Denes"]
[Black "Klimm, Wolf Dietrich"]
[Result "1-0"]
[WhiteElo "2408"]
[BlackElo "2278"]
[PlyCount "129"]
[EventDate "2004.05.15"]
[EventType "tourn"]
[EventRounds "11"]
[EventCountry "HUN"]
[EventCategory "2"]
[SourceTitle "CBM 100 Extra"]
[Source "ChessBase"]
[SourceDate "2004.07.06"]
[SourceVersion "2"]
[SourceVersionDate "2004.07.06"]
[SourceQuality "1"]

1. e4 c6 2. d4 d5 3. Nc3 dxe4 4. Nxe4 Nd7 5. Ng5 Ngf6 6. Bd3 e6 7. N1f3 Bd6 8. Qe2 h6 9. Ne4 Nxe4 10. Qxe4 c5 11. 0-0 Nf6 12. Qh4 cxd4 13. Re1 Kf8 14. Qxd4 Qc7 15. b3 b6 16. Bb2 Bb7 17. Ne5 Rd8 18. Qh4 Be7 19. Rad1 Kg8 20. Qh3 Bb4 21. Rf1 Nd5 22. Bc4 Kh7 23. Nf3 Rhe8 24. Bb5 Bc6 25. Bxc6 Qxc6 26. Qh5 Kg8 27. Qxf7+ Kxf7 28. Ne5+ Kg8 29. Nxc6 Rc8 30. Nxb4 Nxb4 31. Rd7 Rxc2 32. Bxg7 Rxa2 33. Bxh6 Nd5 34. Re1 Re7 35. Rd6 Kf7 36. h4 Rb2 37. Bg5 Nf6 38. Rd3 e5 39. g3 Re6 40. Rf3 Kg6 41. Bxf6 Rxf6 42. h5+ Kg7 43. h6+ Rxh6 44. Rxe5 Rb1+ 45. Kg2 Rhh1 46. Rc3 Kf6 47. Re2 Rhc1 48. Rxc1 Rxc1 49. b4 Rb1 50. Ra2 Rxb4 51. Rxa7 Rb3 52. g4 Kg5 53. f3 Kf4 54. Rf7+ Ke3 55. Kg3 b5 56. Re7+ Kd4 57. g5 Rb1 58. Kf4 b4 59. Kf5 b3 60. f4 Ra1 61. Rb7 Ra5+ 62. Kg4 Kc4 63. g6 Rb5 64. Rxb5 Kxb5 65. g7 1-0